000 00559nam a2200193Ia 4500
005 20250508164039.0
008 008 250505s9999 xx 000 0 eng d
020 _a0-7619-9665-6
037 _aTextual
040 _aFEDL
_beng
_cFEDL
041 _aeng
_2eng
084 _a294.30954, OMV
_qFEDL
100 _aOmvedt Gail
245 0 _aBuddhism in India challenging brahmanism and caste
260 _aNew Delhi, India
_bSage Publications
_c2003
300 _axiii,314p.
942 _cTEXL
_h294.30954, OMV
999 _c1386763
_d1386763